Statistics for Trace the Route of Ibn Battuta on a Map

Click here to take the quiz!

General Stats

  • This quiz has been taken 16,169 times
    (13,382 since last reset)
  • The average score is 67 of 90

Answers on the Map

Answers color-coded by a green-red scale on the quiz's map according to % correct below.
 

Answer Stats

Country% Correct
Morocco
99%
Algeria
95%
Egypt
95%
Libya
95%
Tunisia
95%
Israel
85%
Jordan
82%
Syria
82%
Iran
80%
Iran
80%
Iraq
80%
Iraq
80%
Iraq
80%
Iraq
80%
Jordan
80%
Saudi Arabia
80%
Saudi Arabia
80%
Syria
80%
Turkey
80%
Iran
79%
Kenya
79%
Oman
79%
Saudi Arabia
79%
Somalia
79%
Sudan
79%
Yemen
79%
Egypt
78%
Israel
78%
Jordan
78%
Lebanon
78%
Russia
78%
Syria
78%
Syria
78%
Tanzania
78%
Turkey
78%
Bulgaria
77%
Romania
77%
Russia
77%
Turkey
77%
Ukraine
77%
Ukraine
77%
Bulgaria
72%
India
72%
India
72%
Maldives
72%
Pakistan
72%
Russia
72%
Sri Lanka
72%
Afghanistan
71%
Bangladesh
71%
India
71%
Kazakhstan
71%
Romania
71%
Turkmenistan
71%
Ukraine
71%
Uzbekistan
71%
Uzbekistan
71%
Bangladesh
70%
China
70%
India
70%
Indonesia
70%
Indonesia
70%
Malaysia
70%
Maldives
70%
Philippines
70%
Vietnam
70%
Iran
69%
Iraq
69%
Oman
69%
Syria
69%
Egypt
68%
Israel
68%
Jordan
68%
Morocco
68%
Spain
68%
Algeria
67%
Mali
67%
Mauritania
67%
Saudi Arabia
67%
Algeria
66%
Egypt
66%
Italy
66%
Mali
66%
Morocco
66%
Tunisia
66%
Guinea
65%
Mali
65%
Niger
65%
Algeria
64%
Morocco
64%

Score Distribution

Percentile by Number Answered

Percent of People with Each Score

Your Score History

You have not taken this quiz since the last reset